Departments of Colombia (with a map) - Statistics

General Stats
  • This quiz has been taken 22,672 times
    22,596 since last reset
  • The average score is 21 of 33
Answers on the Map
Answers color-coded by a green-red scale on the quiz's map according to % correct below.
 
Answer Stats
Departments % Correct
Amazonas
86%
Bogotá
84%
Antioquia
76%
Chocó
72%
Santander
72%
La Guajira
70%
San Andrés y Providencia
70%
Atlántico
69%
Bolívar
69%
Cundinamarca
68%
Norte de Santander
68%
Valle del Cauca
68%
Cauca
67%
Nariño
64%
Magdalena
63%
Meta
63%
Boyacá
61%
Cesar
59%
Tolima
59%
Sucre
58%
Arauca
57%
Putumayo
57%
Córdoba
56%
Quindío
55%
Risaralda
55%
Vaupés
55%
Huila
54%
Vichada
54%
Caldas
53%
Caquetá
49%
Casanare
48%
Guaviare
48%
Guainía
47%
No matching quizzes found
Score Distribution
Percent of People with Each Score
Percentile by Number Answered
Your Score History
You have not taken this quiz since the last reset